[Event "Olympiad-40"]
[Site "Istanbul"]
[Date "2012.09.09"]
[Round "11.3"]
[White "Nakapunda, Otto"]
[Black "Uzumcu, Ahmet Utku"]
[Result "1-0"]
[WhiteElo "2021"]
[BlackElo "1569"]
[PlyCount "85"]
[EventDate "2012.08.28"]
[EventType "team-swiss"]
[EventRounds "11"]
[EventCountry "TUR"]
[SourceTitle "CBM 151"]
[Source "ChessBase"]
[SourceDate "2012.11.13"]
[SourceVersion "1"]
[SourceVersionDate "2012.11.13"]
[SourceQuality "1"]
[WhiteTeam "Namibia"]
[BlackTeam "Turkey 2023"]
[WhiteTeamCountry "NAM"]
[BlackTeamCountry "TUR"]

1. d4 Nf6 2. c4 e6 3. Nf3 b6 4. g3 Bb7 5. Bg2 d5 6. Ne5 Nbd7 7. 0-0 Bd6 8. cxd5 exd5 9. Nxd7 Qxd7 10. Nc3 0-0-0 11. a3 h5 12. b4 h4 13. Qb3 hxg3 14. hxg3 Qf5 15. Nb5 Qh5 16. Re1 a6 17. Nxd6+ Rxd6 18. Bf4 Rc6 19. Rac1 Rc4 20. f3 b5 21. Kf2 Qf5 22. Rh1 Rxh1 23. Rxh1 g5 24. Rh8+ Kd7 25. Bh3 g4 26. fxg4 Nxg4+ 27. Kf3 Qe4+ 28. Kxg4 f5+ 29. Kh4 Qe7+ 30. Bg5 Rxd4+ 31. g4 Qxe2 32. Rh7+ Kc6 33. Qc3+ Qc4 34. Rh6+ Kd7 35. Qf3 f4 36. Rf6 Rd3 37. Qxf4 Qxf4 38. Bxf4 d4 39. g5+ Ke7 40. Bxc7 Rf3 41. Rxf3 Bxf3 42. Bc8 d3 43. Bf4 1-0

[Event "Olympiad-40"]
[Site "Istanbul"]
[Date "2012.08.30"]
[Round "3.2"]
[White "Nakapunda, Otto"]
[Black "Khusenkhojaev, Muhammad"]
[Result "0-1"]
[WhiteElo "2021"]
[BlackElo "2378"]
[PlyCount "140"]
[EventDate "2012.08.28"]
[EventType "team-swiss"]
[EventRounds "11"]
[EventCountry "TUR"]
[SourceTitle "CBM 151"]
[Source "ChessBase"]
[SourceDate "2012.11.13"]
[SourceVersion "1"]
[SourceVersionDate "2012.11.13"]
[SourceQuality "1"]
[WhiteTeam "Namibia"]
[BlackTeam "Tajikistan"]
[WhiteTeamCountry "NAM"]
[BlackTeamCountry "TJK"]

1. d4 Nf6 2. c4 e6 3. Nf3 b6 4. Nc3 Bb7 5. a3 d5 6. Bg5 Be7 7. e3 h6 8. Bf4 0-0 9. Bd3 Nbd7 10. 0-0 c5 11. Qe2 Nh5 12. Bg3 Nxg3 13. hxg3 dxc4 14. Bxc4 Bf6 15. Rfd1 cxd4 16. Nxd4 Qe7 17. Rac1 a6 18. Ba2 b5 19. Bb1 Rac8 20. Ndxb5 axb5 21. Qd3 g6 22. Qxd7 Qxd7 23. Rxd7 Bd5 24. Bd3 Rc5 25. Ra1 Bxc3 26. bxc3 Rb8 27. Rc1 Ra8 28. Ra1 Kg7 29. Be2 Ra5 30. Bf3 Bb3 31. Rb7 Rxc3 32. Be2 Rc5 33. Kf1 Bd5 34. Rb6 h5 35. Rb1 Ba2 36. Ra1 Rxa3 37. Ke1 Rc2 38. Bxb5 Rac3 39. Be2 Bd5 40. Bf3 Rd3 41. Bd1 Rc7 42. Be2 Rdc3 43. Bf3 Bc4 44. Rb2 e5 45. Be2 Bd5 46. Bf3 e4 47. Bd1 Be6 48. Be2 Rc1+ 49. Rxc1 Rxc1+ 50. Kd2 Rg1 51. Rb4 Bf5 52. Bc4 Rxg2 53. Ke1 Rg1+ 54. Kd2 g5 55. Bd5 h4 56. gxh4 gxh4 57. Bxe4 Rg4 58. f3 h3 59. Bxf5 Rxb4 60. Bxh3 Kh6 61. Kd3 Kg5 62. Bg4 f5 63. Bh3 Rb5 64. e4 f4 65. Kd4 Kf6 66. Bg4 Re5 67. Kc4 Re8 68. Kd5 Rd8+ 69. Kc6 Ke5 70. Kc7 Rg8 0-1

[Event "Olympiad-38"]
[Site "Dresden"]
[Date "2008.11.17"]
[Round "5"]
[White "Rowe, Peter"]
[Black "Nakapunda, Otto"]
[Result "1/2-1/2"]
[WhiteElo "2053"]
[BlackElo "2083"]
[PlyCount "93"]
[EventDate "2008.11.13"]
[EventType "team-swiss"]
[EventRounds "11"]
[EventCountry "GER"]
[SourceTitle "CBM 128"]
[Source "ChessBase"]
[SourceDate "2009.01.28"]
[SourceVersion "1"]
[SourceVersionDate "2009.01.28"]
[SourceQuality "1"]
[WhiteTeam "Guernsey"]
[BlackTeam "Namibia"]
[WhiteTeamCountry "GCI"]
[BlackTeamCountry "NAM"]

1. d4 d5 2. Nf3 Nf6 3. Bf4 Bf5 4. e3 e6 5. Nh4 Bg4 6. Nf3 Bd6 7. Bg3 0-0 8. Be2 c5 9. c3 Nc6 10. Nbd2 Qe7 11. Bh4 Qc7 12. h3 Bh5 13. dxc5 Bxc5 14. Bg3 Bd6 15. Bxd6 Qxd6 16. 0-0 Rfd8 17. Qa4 a6 18. Rfd1 Qe7 19. Qh4 Bg6 20. c4 dxc4 21. Nxc4 e5 22. Nh2 e4 23. Ng4 Nxg4 24. Qxe7 Nxe7 25. hxg4 Nc6 26. f4 exf3 27. gxf3 Bc2 28. Rxd8+ Rxd8 29. Rc1 Bd3 30. Bxd3 Rxd3 31. Na5 Kf8 32. Nxc6 bxc6 33. Rxc6 Rxe3 34. Kf2 Re6 35. Rxe6 fxe6 36. Ke3 Ke7 37. b4 Kd6 38. Ke4 h6 39. a4 g6 40. b5 axb5 41. axb5 h5 42. gxh5 gxh5 43. Kf4 Kc5 44. Kg5 Kxb5 45. f4 Kc5 46. Kxh5 Kd5 47. Kg5 1/2-1/2

[Event "Olympiad-38"]
[Site "Dresden"]
[Date "2008.11.13"]
[Round "1"]
[White "Nakapunda, Otto"]
[Black "Klasan, Vladimir"]
[Result "1/2-1/2"]
[WhiteElo "2083"]
[BlackElo "2326"]
[PlyCount "109"]
[EventDate "2008.11.13"]
[EventType "team-swiss"]
[EventRounds "11"]
[EventCountry "GER"]
[SourceTitle "CBM 128"]
[Source "ChessBase"]
[SourceDate "2009.01.28"]
[SourceVersion "1"]
[SourceVersionDate "2009.01.28"]
[SourceQuality "1"]
[WhiteTeam "Namibia"]
[BlackTeam "ICSC"]
[WhiteTeamCountry "NAM"]

1. d4 d5 2. c4 c6 3. Nc3 Nf6 4. Nf3 dxc4 5. a4 Bf5 6. e3 e6 7. Bxc4 Bb4 8. 0-0 0-0 9. h3 Nbd7 10. Bd3 Bg6 11. Bxg6 hxg6 12. Qb3 Qb6 13. Bd2 c5 14. Ne2 Bxd2 15. Qxb6 Nxb6 16. Nxd2 cxd4 17. Nxd4 Rac8 18. b3 Rfd8 19. Rfc1 Nfd5 20. Kf1 e5 21. N4f3 f6 22. h4 Nb4 23. a5 N6d5 24. Rc4 Rxc4 25. Nxc4 Nc3 26. Rc1 Ne4 27. Ke2 Nd3 28. Rc2 Ndxf2 29. Ncd2 Rd7 30. Rc4 Nxd2 31. Nxd2 Nd3 32. Rc8+ Kf7 33. Ra8 a6 34. Rc8 Nb4 35. Nc4 Nd5 36. Rb8 Ke6 37. Re8+ Kf7 38. Rb8 Ke7 39. Rg8 Kf7 40. Rb8 Nc3+ 41. Kf2 Nb5 42. Kf3 Rc7 43. g4 Ke6 44. h5 gxh5 45. gxh5 Nd6 46. Nxd6 Kxd6 47. Ke4 Ke6 48. Re8+ Kf7 49. Rb8 Ke6 50. Re8+ Re7 51. Rxe7+ Kxe7 52. Kf5 Kf7 53. e4 Ke7 54. Kg6 Kf8 55. b4 1/2-1/2

[Event "Olympiad-37"]
[Site "Turin"]
[Date "2006.06.04"]
[Round "13"]
[White "Nakapunda, Otto"]
[Black "Savva, Panikos"]
[Result "0-1"]
[WhiteElo "2082"]
[BlackElo "2064"]
[PlyCount "96"]
[EventDate "2006.05.21"]
[EventType "team-swiss"]
[EventRounds "13"]
[EventCountry "ITA"]
[SourceTitle "CBM 113"]
[Source "ChessBase"]
[SourceDate "2006.07.31"]
[SourceVersion "1"]
[SourceVersionDate "2006.07.31"]
[SourceQuality "1"]
[WhiteTeam "Namibia"]
[BlackTeam "Cyprus"]
[WhiteTeamCountry "NAM"]
[BlackTeamCountry "CYP"]

1. d4 Nf6 2. c4 e6 3. Nf3 d5 4. Nc3 c5 5. e3 Nc6 6. Bd3 dxc4 7. Bxc4 cxd4 8. exd4 Be7 9. 0-0 0-0 10. a3 Qa5 11. Qe2 Rd8 12. Rd1 Qh5 13. Bf4 Nd5 14. Bg3 Bd7 15. Rac1 Nxc3 16. Rxc3 Bf6 17. Ne5 Qxe2 18. Bxe2 Be8 19. Nxc6 Bxc6 20. Be5 Be7 21. Kf1 Rd7 22. Rcd3 Rad8 23. R3d2 Bc5 24. b4 Bb6 25. Bc4 Ba4 26. Rc1 Bxd4 27. Bxd4 Rxd4 28. Rxd4 Rxd4 29. Ke2 Rxc4 30. Rxc4 Bb5 31. Kd3 Kf8 32. Kd4 Bxc4 33. Kxc4 Ke7 34. Kc5 Kd7 35. a4 Kc7 36. f4 b6+ 37. Kd4 Kd6 38. g4 f6 39. h4 a6 40. h5 h6 41. Ke4 b5 42. axb5 axb5 43. Kd4 e5+ 44. Ke4 Ke6 45. f5+ Kd6 46. Ke3 Kd5 47. Kd3 e4+ 48. Ke3 Ke5 0-1

[Event "Olympiad-36"]
[Site "Mallorca"]
[Date "2004.10.20"]
[Round "6"]
[White "Guller, Andras"]
[Black "Nakapunda, Otto"]
[Result "1/2-1/2"]
[WhiteElo "2110"]
[BlackElo "2129"]
[PlyCount "69"]
[EventDate "2004.10.15"]
[EventType "team-swiss"]
[EventRounds "14"]
[EventCountry "ESP"]
[SourceTitle "CBM 104"]
[Source "ChessBase"]
[SourceDate "2005.01.27"]
[SourceVersion "1"]
[SourceVersionDate "2005.01.27"]
[SourceQuality "1"]
[WhiteTeam "Liechtenstein"]
[BlackTeam "Namibia"]
[WhiteTeamCountry "LIE"]
[BlackTeamCountry "NAM"]

1. e4 c6 2. d4 d5 3. exd5 cxd5 4. Bd3 Nf6 5. c3 e6 6. Bf4 Bd6 7. Bxd6 Qxd6 8. Nf3 0-0 9. 0-0 Nc6 10. Re1 a6 11. Nbd2 b5 12. Ne5 b4 13. Nf1 bxc3 14. bxc3 a5 15. Rc1 Ba6 16. Bb1 Rfc8 17. Ng3 g6 18. h4 Qf8 19. h5 Nxe5 20. Rxe5 Qh6 21. hxg6 hxg6 22. Re3 Kg7 23. Nf1 Bxf1 24. Qxf1 Rh8 25. Rh3 Qf4 26. g3 Qg5 27. Rxh8 Rxh8 28. Rc2 Ng4 29. Qg2 Rb8 30. Qf1 Qh6 31. f4 Ne3 32. Qe1 Rxb1 33. Qxb1 Nxc2 34. Qxc2 Qh3 35. Qd3 1/2-1/2

[Event "Olympiad-34"]
[Site "Istanbul"]
[Date "2000.11.09"]
[Round "12.2"]
[White "Nakapunda, Otto"]
[Black "Mauwa, Tedmore"]
[Result "0-1"]
[WhiteElo "2157"]
[BlackElo "2190"]
[PlyCount "82"]
[EventDate "2000.10.28"]
[EventType "team-swiss"]
[EventRounds "14"]
[EventCountry "TUR"]
[SourceTitle "EXT 2001"]
[Source "ChessBase"]
[SourceDate "2000.11.22"]
[SourceVersion "1"]
[SourceVersionDate "2000.11.22"]
[SourceQuality "1"]
[WhiteTeam "Namibia"]
[BlackTeam "Zimbabwe"]
[WhiteTeamCountry "NAM"]
[BlackTeamCountry "ZIM"]

1. d4 Nf6 2. c4 c5 3. Nf3 g6 4. Nc3 Bg7 5. d5 0-0 6. e4 d6 7. Be2 Na6 8. Be3 Nc7 9. Nd2 a6 10. a4 b6 11. 0-0 Rb8 12. f4 Bd7 13. e5 Nfe8 14. Nf3 b5 15. axb5 axb5 16. Qd2 bxc4 17. Bxc4 Rb4 18. Bd3 Qb8 19. Rf2 Bg4 20. Rc1 Qb7 21. Bf1 Bxf3 22. gxf3 f5 23. Na2 Ra4 24. Nc3 Ra8 25. Bc4 Na6 26. Kh1 Kh8 27. Ra1 Nec7 28. Rff1 Rfb8 29. Rab1 Nb4 30. Kg2 Ra5 31. Rfd1 Rba8 32. Qf2 Nca6 33. Qd2 Nb8 34. h4 Nd7 35. h5 Nb6 36. Be2 gxh5 37. Bd3 Rf8 38. Qe1 N6xd5 39. Nxd5 Nxd5 40. Bc1 Ra4 41. Bc2 Nxf4+ 0-1